000 01360cam a2200325 i 4500
001 0000791
003 DO-SdBNP
005 20161108135901.0
007 0000791
008 100514s 1988 ag a | |||| 000 f spa
015 _a
017 _a
_b
020 _a9501106810
035 _a
040 _aBPMSU
_bspa
_cBPMSU
_e
080 _a
100 1 _aWalpole, Brenda
245 1 0 _aAire /
_h
_cBrenda Walpole ; ilustraciones Kuo Kang chen, Peter Bull ; traducción Graciela Jáuregui Lorda de Castro
260 _aBuenos Aires, Argentina :
_bSigmar,
_c1988.
300 _a39 p.:
_bil.
_c26 m
490 1 _aJugando con la ciencia
500 _aManualidades, experimentos y trucos.
500 _aContiene experimentos que permiten a los niños investigar temas como aislamiento, la convención, la presión del aire y las líneas aerodinámicas, cómo vuelan los aviones y los helicópteros, y por qué los paracaídas caen lentamente a la Tierra. Una sección en la última parte del libro, trata temas como el clima y el sonido y la importancia del oxígeno en el aire para la supervivencia de las plantas y los animales.
700 1 2 _aChen, Kuo Kang
_eil.
700 1 2 _aBull, Peter
_eil.
700 1 2 _aLorda de Castro, Graciela Jáuregui
_etrad.
830 0 _aJugando con la ciencia
942 _2ddc
_cBK
956 _aYLOCKWARD
_810
_cBPMSU
999 _c11852
_d11852